2010s/Gen Z quiz - Statistics

General Stats
  • This quiz has been taken 39 times
  • The average score is 21 of 41
Answer Stats
Year Hint Answer % Correct
2013 Disney movie released in 2013; “Let It Go” Frozen
97%
2012 Call me _____ Maybe
95%
2010 Mobile game that involves slicing fruit Fruit Ninja
92%
2015 What color is the dress? Blue and black | white and gold
86%
2016 App that had people walking around parkson their phones in 2016 Pokémon Go
86%
2016 Candidate that ran against Donald Trump in the 2016 election Hillary Clinton
81%
2018 Artist that released “Old Town Road” Lil Nas X
81%
2016 2 apps that were predecessors to TikTok (name 1) Musically | Vine
81%
2010 Shawty’s like a melody in my _____ Head
76%
2010 When I wake up in the morning feeling like ____ P Diddy
73%
2016 The term for the withdrawal of the UKfrom the EU in 2016 Brexit
68%
2018 Small plastic spinning toy popular in schools Fidget spinner
68%
2016 City that hosted the 2016 Olympics Rio
68%
Toy store that was left behind in the 2010s Toys R Us
68%
2012 Music video that became the first YouTubevideo to hit 1 billion views Gangnam style
65%
2011 Viral song released by Gotye Somebody That I Used To Know
65%
2019 iPhone model released right before Covid iPhone 11
59%
2011 The cat that poops rainbows Nyan cat
59%
2017 Watch me whip, watch me _____ Nae nae
57%
2019 I like ya ____ g Cut
54%
2013 Game that requires pressing the screen to jump and avoid tubes Flappy bird
54%
2010 In New York, concrete jungle _____ Where dreams are made of
54%
2017 What someone might say before throwingsomething really far Yeet
54%
2013 Meme coin with a dog Dogecoin
51%
This video ends with a ______ after a car driving through a peaceful valley Jumpscare
49%
2014 But I keep cruisin’, can’t stop won’t stop ______ Moving
46%
2012 Cartoon with the characters Dipper and Mabel Gravity Falls
43%
2015 Star Wars movie that came out in 2015 The Force Awakens
41%
2013 Internet meme from 2013 in which a groupof people dance to a short excerpt from this song Harlem shake
38%
2014 Nickelodeon show with the character Henry Hart Henry Danger
38%
2012 You waited forever for this to bounce in the corner DVD logo
35%
2018 Country that hosted the 2018 FIFA World Cup Russia
32%
2018 Kid that went viral for creating the flossdance Backpack kid
24%
2016 Viral trend in which people stand stillwhile a moving camera films them Mannequin challenge
24%
Aardvark that taught us so much Arthur
19%
2016 2016 ____ scare Clown
16%
2017 Peanut butter in a cup we sing this songto ______ Pump us up
14%
POV: It’s a rainy day, indoor recess, andyour teacher rolls in the ______ DVD cart
8%
2018 Winning play in Super Bowl LII Philly special
8%
2017 Multiplayer game in which players try tobecome the biggest snake on the map Little Big Snake
3%
2016 The Sidemen’s first went viral for this Crossbar challenges
0%
No matching quizzes found
Score Distribution
Percent of People with Each Score
Percentile by Number Answered
Your Score History
You have not taken this quiz